000 00800nam a2200181Ia 4500
008 100921s9999 xx 000 0 und d
082 _b21718
_a920-2 थ 87
100 _aपानतवणे गंगाधर.
245 _aपत्रकार डॉ.बाबासाहेब आंबेडकर.
260 _bअभिजीत प्रकाशन, नागपूर.
_c1987
300 _a423
_b---
365 _b130
520 _aचरित्र व इतर-डॉ.आंबेडकर.
630 _aपत्रकार डॉ.बाबासाहेब आंबेडकर.
650 _aचरित्र व इतर-डॉ.आंबेडकर.
730 _aपत्रकार डॉ.बाबासाहेब आंबेडकर.
942 _cBOOK
999 _c770831
_d770828